Systém centrálnej distribúcie softvéru a opravných balíčkov na klientské počítače v počítačovej sieti : Bakalárska práca

Gespeichert in:
Bibliographische Detailangaben
1. Verfasser: Blüml, Mario (Verfasst von)
Weitere Verfasser: Jozefák, Ľubomír (xxx)
Format: Manuskript Buch
Sprache:Slowakisch
Veröffentlicht: Trnava : STU v Bratislave MtF KAIA, 2006
Schlagworte:
Tags: Tag hinzufügen
Keine Tags, Fügen Sie das erste Tag hinzu!

MARC

LEADER 00000ntm a22000003a 4500
001 stu130855
005 20160719155627.2
008 061206s2006----xo------------------slo-d
040 |a STU  |b slo 
041 0 |a slo 
044 |a xo 
100 1 |a Blüml, Mario  |4 aut 
245 1 |a Systém centrálnej distribúcie softvéru a opravných balíčkov na klientské počítače v počítačovej sieti :  |b Bakalárska práca 
260 |a Trnava :  |b STU v Bratislave MtF KAIA,  |c 2006 
300 |a 36 s  |c 1 CD-ROM 
650 7 |a aplikovaná informatika a automatizácia v priemysle  |2 stusub 
700 1 |a Jozefák, Ľubomír  |4 xxx 
996 |b 284M075194  |c M*BP-2306  |l MMSKP  |s P  |a 0  |w stu130855_0001